BIBLIOTHÈQUE DE LA MAISON DU MEXIQUE

Logo 1 Logo 2

Los climas (notice nᵒ 12453)

détails MARC
000 -Sello discográfico
campo de control de longitud fija 00749nam a2200277 4500
005 - Identificación de versión
campo de control 20251017062750.0
035 ## - Otros números de control del sistema
Número de control del sistema 6718
099 ## - fechas locales
Tipo de ítem Koha LIBRO
100 ## - Datos de procesamiento general
Datos de procesamiento general 19930801d1966 m y1spay5003 ba
105 ## - Campo de datos codificados: Material textual, monográfico
Datos codificados de monografía y 001ay
200 1# - Título y mención de responsabilidad
Título propio Los climas
Designación general del material texto impreso
Primer mención de responsabilidad Sergio Pitol
205 ## - Declaración de edición
Declaración de edición 1a ed
210 ## - Publicación, distribución, etc.
Lugar de publicación, distribución, etc. México
Nombre del editor, distribuidor, etc. Editorial Joaquín Mortiz
Fecha de publicación, distribución, etc. 1966
215 ## - Descripción física
Designación de material específico y extensión del ítem 126 p
Dimensiones 18 cm
345 ## - Nota de información de adquisición
Fuente de adquisición/dirección de la suscripción [OBSOLETO] Donación
410 #1 - Series
Título Serie del volador
606 ## - Término temático usado como materia
Elemento de entrada Novela mexicana
Subdivisión cronológica Siglo XX
Número Koha 64
700 ## - Nombre personal - Responsabilidad primaria
Elemento de entrada Pitol Demeneghi
Parte del nombre distinta del elemento de entrada Sergio
Fechas 1933-2018
Número Koha 3039
801 #0 - Fuente de origen
Agencia cm
900 ## -
-- 1/9351
900 ## -
-- 710935011\\010893
942 ## - ELEMENTOS DE ENTRADA SECUNDARIOS (KOHA)
Tipo de ítem Koha Livre
996 ## -
-- MEX
-- 751145101
-- MMAG
-- 008884
-- 863.4 P685C
-- 20231026LIV
Exemplaires
Estatus retirado Estado de daño Estado de pérdida Fecha de adquisición Biblioteca de origen Biblioteca actual Ubicación en estantería Código de barras Precio de reemplazo Signatura topográfica completa No para préstamo Tipo de ítem Koha Nota pública Nota no pública
      05/08/2025 Casa México Paris Casa México Paris   008884 05/08/2025 863.4 P685C   Livre 20231026LIV 751145101